| 000 | 00359nam a2200133Ia 4500 | ||
|---|---|---|---|
| 008 | 211109s9999||||xx |||||||||||||| ||und|| | ||
| 082 |
_a894.8121 _bVAL-K |
||
| 100 | _aValmiki, | ||
| 245 | 0 | _aKishkindhakanda | |
| 260 |
_bNATIONAL BOOKSTALL _aKottayam _c1900 |
||
| 630 | _xGeneral Stack | ||
| 650 |
_aHinduism _vVedasIndian Literature _xMalayalam |
||
| 942 | _cBOOK | ||
| 999 |
_c1108 _d1108 |
||